Les Enfants, qui s'en soucie? = Who cares for children?/ Urie Bronfenbrenner. (Record no. 139052)

MARC details
000 -CABECERA
campo de control de longitud fija 00666nam a2200205 a 4500
005 - FECHA Y HORA DE LA ÚLTIMA TRANSACCIÓN
campo de control 20210219160511.0
008 - ELEMENTOS DE LONGITUD FIJA--INFORMACIÓN GENERAL
campo de control de longitud fija 081109s2000 mx r 000 0 spa d
035 ## - NÚMERO DE CONTROL DEL SISTEMA
Número de control de sistema UPN01000166941
049 ## - COLECCIÓN
Colección UNE
080 ## - NÚMERO DE CLASIFICACIÓN DECIMAL UNIVERSAL
Número de la Clasificación Decimal Universal 362.7 (100) =20=40 BRO No.188.
100 1# - ASIENTO PRINCIPAL--NOMBRE PERSONAL
Nombre de persona Bronfenbrenner, Urie
245 14 - MENCIÓN DE TÍTULO
Título Les Enfants, qui s'en soucie? = Who cares for children?/ Urie Bronfenbrenner.
260 ## - PUBLICACIÓN, DISTRIBUCIÓN, ETC.
Lugar de publicación, distribución, etc. Paris : UNESCO; New York : UNICEF; Rome : WFP, 1989.
300 ## - DESCRIPCIÓN FÍSICA
Extensión pág. irregular.
440 #0 - MENCIÓN DE SERIE/ASIENTO SECUNDARIO--TÍTULO
Título Notes, comments...; 188
690 ## - PUNTO DE ACCESO ADICIONAL DE MATERIA LOCAL--TÉRMINO DE MATERIA (OCLC, RLIN)
Término de materia o nombre geográfico como elemento inicial Infancia- Educacion y desarrollo
690 ## - PUNTO DE ACCESO ADICIONAL DE MATERIA LOCAL--TÉRMINO DE MATERIA (OCLC, RLIN)
Término de materia o nombre geográfico como elemento inicial Psicologia del niño
690 ## - PUNTO DE ACCESO ADICIONAL DE MATERIA LOCAL--TÉRMINO DE MATERIA (OCLC, RLIN)
Término de materia o nombre geográfico como elemento inicial Niños- Educacion y desarrollo
905 ## - TIPO DE MATERIAL
Tipo de material UNESCO

No items available.